Rozvíjanie komunikačných kompetencií

Komunikácia je kľúčová v osobnom i profesijnom živote, pretože umožňuje zrozumiteľne vyjadrovať myšlienky, nálady, a pocity, ako aj chápať názory iných. Rozumieť neznamená súhlasiť, ale byť otvorený iným názorom bez posudzovania. V článku prezentujeme nástroj talkSignals na rozvoj komunikačných scho...

Ausführliche Beschreibung

Gespeichert in:
Bibliographische Detailangaben
1. Verfasser: Pankevič, Michal
Format: Buchkapitel
Sprache:Slowakisch
Schlagworte:
Tags: Tag hinzufügen
Keine Tags, Fügen Sie das erste Tag hinzu!

MARC

LEADER 00000naa a2200000 4500
001 0308127
005 20250414084621.2
041 0 |a slo 
044 |a SK 
245 1 0 |a Rozvíjanie komunikačných kompetencií  |c Michal Pankevič 
520 |a Komunikácia je kľúčová v osobnom i profesijnom živote, pretože umožňuje zrozumiteľne vyjadrovať myšlienky, nálady, a pocity, ako aj chápať názory iných. Rozumieť neznamená súhlasiť, ale byť otvorený iným názorom bez posudzovania. V článku prezentujeme nástroj talkSignals na rozvoj komunikačných schopností, prekonávanie bariér a poskytovanie spätnej väzby v rámci sociálnej skupiny. 
610 2 0 |a skupiny sociálne 
610 2 0 |a kolektív pracovný 
610 2 0 |a nástroje komunikačné 
610 2 0 |a diskusia 
610 2 0 |a myslenie kritické 
100 1 |a Pankevič, Michal